书目信息 |
| 题名: |
人类生存发展与核科学
|
|
| 作者: | 刘洪涛 | |
| 分册: | ||
| 出版信息: | 北京 北京大学出版社 2001 |
|
| 页数: | 234 | |
| 开本: | 26cm | |
| 丛书名: | ||
| 单 册: | ||
| 中图分类: | TL99 | |
| 科图分类: | ||
| 主题词: | 核技术应用 | |
| 电子资源: | ||
| ISBN: | 7-301-04772-X | |
| 000 | 00524nam0 2200181 450 | |
| 001 | 0741144344 | |
| 005 | 20070817112544.34 | |
| 010 | @a7-301-04772-X@d¥25.00 | |
| 100 | @a20070817d km y0chiy0120 ea | |
| 101 | 0 | @achi |
| 200 | 1 | @a人类生存发展与核科学@Aren lei sheng cun fa zhan yu he ke xue@f刘洪涛等@Fliu hong tao deng |
| 210 | @a北京@c北京大学出版社@d2001 | |
| 215 | @a234@d26cm | |
| 606 | 0 | @a核技术应用 |
| 690 | @aTL99@v3 | |
| 701 | 0 | @a刘洪涛@Aliu hong tao |
| 801 | 0 | @aCN@bPFT@c20070817 |
| 905 | @a213230@dTL99@en1@f1 | |
| 人类生存发展与核科学/刘洪涛等.-北京:北京大学出版社,2001 |
| 234;26cm |
| ISBN 7-301-04772-X:¥25.00 |
| ● |
| 相关链接 |
|
|
|
|
正题名:人类生存发展与核科学
索取号:TL99/n1
 
预约/预借
| 序号 | 登录号 | 条形码 | 馆藏地/架位号 | 状态 | 备注 |
| 1 | 6600759 | 266007590 | 密集书库-生命科学系/ [索取号:TL99/n1] | 在馆 |